000 00665nam a2200193Ia 4500
003 LDD
008 190117s9999 xx 000 0 und d
020 _a9788177793895
_c₹250
040 _cLDD
041 _ahi
082 _a8H3.7 या79203मे
100 _aसे. रा. यात्री
245 0 _aमेरी चुनिंदा कहानियाँ
_cसे. रा. यात्री
260 _aइलाहबाद
_bसाहित्य भण्डार
_c2015
300 _a132p.
901 _aKGP
904 _aReqst by : Jitendra Kumar Srivasta
942 _2ddc
_cH
999 _c174642
_d174642